000 00645nam a2200217 a 4500
001 BRL_1166
005 20190320211050.0
008 201113s1954----mx-ao#####---#000-0#spa-#
041 _aspa
044 _amx
050 4 _aF1221.H8
_b.H85 1954
245 1 0 _aLos huicholes
260 _aMéxico
_bMuseo Nacional de Artes e Industrias Populares
_c1954
300 _a78 p.
_bil., mapas, láminas
_c17 cm.
500 _aAu1356
500 _aEstado físico: desprendimiento en la encuadernación.
650 1 4 _aHuicholes
_vExposiciones
_925985
710 2 _aMuseo Nacional de Artes e Industrias Populares
_914244
902 _aGRL
942 _2lcc
_cB
999 _c9978
_d9978